Anem al teatre : teatre, música i dansa : ESO, batxillerat i cicles formatius l'oferta de la Diputació de Barcelona i del vostre ajuntament curs teatre, música i dansa : ESO, batxillerat i cicles formatius
Descripción Física:
il·lustracions ; 24 cm
MARC
| LEADER | 00000nam a2200000Ia 4500 | ||
|---|---|---|---|
| 001 | 17877, 19435, 21684, 22942, 23221, 24004, 25992 | ||
| 008 | 160829s2005 - xx 000 0 cat d | ||
| 017 | |a DL B 16682-2016 | ||
| 080 | |a FU-2-38, FU-6-30, FU-43-10, FU-56-79, FU-59-66, FU-64-1 | ||
| 080 | |a FU-71-10 | ||
| 245 | |a Anem al teatre : |b teatre, música i dansa : ESO, batxillerat i cicles formatius |b l'oferta de la Diputació de Barcelona i del vostre ajuntament |b curs | ||
| 246 | 2 | 2 | |a Anem al teatre : |b teatre, música i dansa : per a alumnes d'ESO, batxillerat i cicles formatius |
| 250 | |a Ed. no venal | ||
| 260 | |a Barcelona : |b Diputació de Barcelona, |c 2005- | ||
| 300 | |b il·lustracions ; |c 24 cm | ||
| 490 | 1 | |a Anem al teatre | |
| 590 | |a A partir del curs 2008-2009, s'afegeix l'Ajuntament de Sant Cugat del Vallès. | ||
| 590 | |a A partir de 2010, el títol varia: Anem al teatre : ESO, batxillerat i cicles formatius : teatre, música i dansa | ||
| 590 | |a A partir de 2016, editat per Diputació de Barcelona. Àrea de Cultura, Educació i Esports i Ajuntaments de les comarques de l'Alt Penedès, el Berguedà, el Garraf, el Maresme i Osona | ||
| 650 | |a Teatre |x Barcelona (Província) |x Guies |9 21940 | ||
| 650 | 0 | |a Música |z Barcelona (Província) |v Guies |9 21941 | |
| 650 | 0 | |a Dansa |z Barcelona (Província) |v Guies |9 29970 | |
| 650 | 0 | |a Joves |x Esbarjo |z Barcelona (Província) |9 28059 | |
| 710 | 1 | |a Barcelona (Catalunya : Província). |b Àrea de Cultura, Educació i Esports |9 52666 | |
| 830 | 0 | |9 56316 |a Anem al teatre (Barcelona (Catalunya : Província). Diputació) | |
| 866 | |a 2005-2006 | ||
| 866 | |a 2007-2008 | ||
| 866 | |a 2008-2009 | ||
| 866 | |a 2010-2011 | ||
| 866 | |a 2011-2012 | ||
| 866 | |a 2013-2014 | ||
| 866 | |a 2016-2017 | ||
| 901 | |a Arxiu | ||
| 942 | |n 1 |2 udc | ||
| 952 | |0 0 |1 0 |4 0 |7 1 |9 55108 |a Arxiu |b Arxiu |d 2016-12-01 |h 2007-2008 |o FU-6-30 |p 19435 |r 2016-12-01 00:00:00 |w 2016-12-01 |y ARXIU | ||
| 952 | |0 0 |1 0 |4 0 |6 FU7110 |7 1 |9 62463 |a Arxiu |b Arxiu |d 2022-06-20 |h 2016-17 |l 0 |o FU-71-10 |p 25992 |r 2022-06-20 00:00:00 |w 2022-06-20 |y ARXIU | ||
| 952 | |0 0 |1 0 |4 0 |6 FU4310 |7 1 |9 65989 |a Arxiu |b Arxiu |d 2023-04-05 |h 2008-09 |l 0 |o FU-43-10 |p 21684 |r 2023-04-05 00:00:00 |w 2023-04-05 |y ARXIU | ||
| 952 | |0 0 |1 0 |4 0 |6 FU5679 |7 1 |9 66092 |a Arxiu |b Arxiu |d 2023-04-13 |h 2010-11 |l 0 |o FU-56-79 |p 22942 |r 2023-04-13 00:00:00 |w 2023-04-13 |y ARXIU | ||
| 952 | |0 0 |1 0 |4 0 |6 FU5966 |7 1 |9 66112 |a Arxiu |b Arxiu |d 2023-04-13 |h 2011-12 |l 0 |o FU-59-66 |p 23221 |r 2023-04-13 00:00:00 |w 2023-04-13 |y ARXIU | ||
| 952 | |0 0 |1 0 |4 0 |6 FU641 |7 1 |9 66151 |a Arxiu |b Arxiu |d 2023-04-18 |h 2013-14 |l 0 |o FU-64-1 |p 24004 |r 2023-04-18 00:00:00 |w 2023-04-18 |y ARXIU | ||
| 952 | |0 0 |1 0 |4 0 |6 FU238 |7 1 |9 66203 |a Arxiu |b Arxiu |d 2023-04-27 |h 2005-06 |l 0 |o FU-2-38 |p 17877 |r 2023-04-27 00:00:00 |w 2023-04-27 |y ARXIU | ||
| 999 | |c 58980 |d 58980 | ||